000 01642nam a2200253Ia 4500
999 _c51860
_d51860
001 18858
003 GE_BSU
005 20210412174146.0
008 181216s2015||||ge |||||||||||||| ||geo||
040 _cGE_BSU
041 _ageo
080 _a61 ჭ-24
100 _aჭანტურია, ზინაიდა
_911254
245 _aსათანადო (კარგი) სააფთიაქო პრაქტიკის დანერგვის პერსპექტივები საქართველოში /
_cზინაიდა ჭანტურია; სამეცნიერო ხელმძღვანელები ერიაშვილი ვაჟა, ჭუმბურიძე თამაზ; თბილისის სახ-ლო სამედიცინო უნ-ტი.
264 _aთბილისი,
_c2015.
300 _a293 გვ.
_b30 სმ.
653 _aდისერტაცია
653 _aმედიცინა
653 _aსათანადო (კარგი) სააფთიაქო პრაქტიკის დანერგვის პერსპექტივები საქართველოში
700 _a ერიაშვილი , ვაჟა
_eსამეცნიერო ხელმძღვანელი
_911255
700 _aჭუმბურიძე , თამაზ
_eსამეცნიერო ხელმძღვანელი
_911256
710 _aთბილისის სახ-ლო სამედიცინო უნ-ტი
_910087
942 _cBK
_2udc